I remember your smile / (Record no. 30603)

MARC details
000 -LEADER
fixed length control field 00641nam a22002417a 4500
008 - FIXED-LENGTH DATA ELEMENTS--GENERAL INFORMATION
fixed length control field 240723b |||||||| |||| 00| 0 eng d
017 ## - LEGAL DEPOSIT NUMBER
Legal deposit number LD.0301
018 ## - LEGAL DEPOSIT YEAR
LDD Year 2024
020 ## - INTERNATIONAL STANDARD BOOK NUMBER
ISBN 9789789787865
040 ## - CATALOGING SOURCE
Original cataloging agency NLN
Language of cataloging English
Description conventions AACR2
100 ## - MAIN ENTRY--AUTHOR
Author RAJI, Rasheedah
Relator term aut
245 ## - TITLE STATEMENT
Title I remember your smile /
Remainder of title Rasheedah Raji
260 ## - PUBLICATION, DISTRIBUTION, ETC. (IMPRINT)
Place of publication [S.L]:
Name of publisher Raji Publications,
Date of publication 2023
300 ## - COLLATION
Pagination VX, 108P.;
Other physical details 22cm.
563 ## - BINDING INFORMATION
Binding note (pbk)
650 ## - TRACINGS
Main Subject Grief
650 ## - TRACINGS
Main Subject Grief
Subdivision (1st) Fiction
650 ## - TRACINGS
Main Subject Bereavement
Subdivision (1st) Fiction
650 ## - TRACINGS
Main Subject Cancer
942 ## - ADDED ENTRY ELEMENTS (KOHA)
Item type Books
Suppress in OPAC No
050 ## - LIBRARY OF CONGRESS CALL NUMBER
Classification number BF575.G7
Item number R161
082 ## - DEWEY DECIMAL CLASSIFICATION NUMBER
Classification number 155.937
Holdings
Source of classification or shelving scheme Not for loan Home library Current library Date acquired Mode of acquisition Accession No. Full call number Barcode. Copy number Koha item type
Library of Congress Classification   ILORIN BRANCH National Library of Nigeria 23/07/2024 Legal deposit 443767 BF575.G7 R161 443767 1 Books
Library of Congress Classification   CALABAR BRANCH National Library of Nigeria 23/07/2024 Legal deposit 443766 BF575.G7 R161 443766 1 Books
Library of Congress Classification   UMUAHIA BRANCH National Library of Nigeria 23/07/2024 Legal deposit 443765 BF575.G7 R161 443765 1 Books

National Library of Nigeria OPAC is powered by Koha